Estadísticas para Países más Visitados por Presidentes de México

Haz click aquí para intentar la prueba.

Estadísticas generales

  • Esta prueba ha sido intentada 38 veces
  • La puntuación promedio es 16 de 20

Estadísticas de respuestas

#País% Correcto
40Estados Unidos
100%
11España
97%
9Guatemala
95%
6Chile
92%
11Colombia
92%
6Francia
92%
5Argentina
89%
4Brasil
89%
5China
89%
5Perú
86%
5Alemania
84%
7El Salvador
81%
6Japón
81%
6Reino Unido
81%
9Panamá
78%
4Cuba
76%
7Italia
76%
9Costa Rica
70%
4Honduras
70%
5Ciudad del Vaticano
22%

Distribución de puntuación

Porcentaje por número respondido

Porcentaje de gente con cada puntuación

Historial de tus puntuaciones

No has intentado esta prueba.